[Event "Titled Tuesday intern op 02nd Apr Early"]
[Site "Chess.com INT"]
[Date "2024.04.02"]
[Round "10"]
[White "Afanasieva, Alexandra"]
[Black "Gao, Rui"]
[Result "0-1"]
[WhiteElo "1914"]
[BlackElo "2534"]
[PlyCount "70"]
[EventDate "2024.04.02"]
[EventType "swiss (blitz)"]
[EventRounds "11"]
[EventCountry "USA"]
[SourceTitle "CB15_2024"]
[SourceDate "2024.04.10"]
[SourceVersion "1"]
[SourceVersionDate "2024.04.10"]
[SourceQuality "1"]

1. e4 e6 2. d4 d5 3. Bd3 dxe4 4. Bxe4 Nf6 5. Bf3 Be7 6. Nc3 0-0 7. Nge2 c5 8. Be3 Nbd7 9. 0-0 cxd4 10. Nxd4 Ne5 11. Be2 Qc7 12. Ndb5 Qb8 13. Qd4 Rd8 14. Qf4 a6 15. Nd4 Ng6 16. Qxb8 Rxb8 17. Rad1 e5 18. Nb3 Bf5 19. Bd3 Bxd3 20. Rxd3 Rxd3 21. cxd3 Rd8 22. Rd1 Nh4 23. Kf1 Nf5 24. Ke2 h5 25. Bb6 Re8 26. Re1 Bb4 27. Be3 Nd4+ 28. Kd2 Nxb3+ 29. axb3 Rc8 30. Rc1 Nd5 31. f3 f6 32. d4 Rd8 33. Kd3 Nxe3 34. Na2 Nd5 35. dxe5 Nc3+ 0-1

[Event "Titled Tuesday intern op 02nd Apr Early"]
[Site "Chess.com INT"]
[Date "2024.04.02"]
[Round "8"]
[White "Gao, Rui"]
[Black "Hernando Rodrigo, Julio Antonio"]
[Result "1-0"]
[WhiteElo "2534"]
[BlackElo "2229"]
[PlyCount "41"]
[EventDate "2024.04.02"]
[EventType "swiss (blitz)"]
[EventRounds "11"]
[EventCountry "USA"]
[SourceTitle "CB15_2024"]
[SourceDate "2024.04.10"]
[SourceVersion "1"]
[SourceVersionDate "2024.04.10"]
[SourceQuality "1"]

1. c4 Nf6 2. Nc3 e6 3. e4 d5 4. e5 d4 5. exf6 dxc3 6. bxc3 gxf6 7. d4 c5 8. Nf3 cxd4 9. cxd4 Nc6 10. Be2 Bb4+ 11. Bd2 Qa5 12. Bxb4 Qxb4+ 13. Qd2 Rg8 14. Qxb4 Nxb4 15. 0-0 b6 16. Rab1 Nxa2 17. Rb3 b5 18. Ra1 bxc4 19. Bxc4 Bd7 20. Rxa2 a5 21. Bb5 1-0

[Event "Hong Kong op"]
[Site "Hong Kong"]
[Date "2023.12.28"]
[Round "8"]
[White "Gao, Rui"]
[Black "Li, Bo"]
[Result "1-0"]
[WhiteElo "2543"]
[BlackElo "2216"]
[PlyCount "179"]
[EventDate "2023.12.24"]
[EventType "swiss"]
[EventRounds "9"]
[EventCountry "HKG"]
[SourceTitle "CB01_2024"]
[SourceDate "2024.01.03"]
[SourceVersion "1"]
[SourceVersionDate "2024.01.03"]
[SourceQuality "1"]

1. e4 e5 2. Nf3 Nc6 3. Bb5 a6 4. Ba4 Nf6 5. 0-0 Be7 6. Re1 b5 7. Bb3 0-0 8. a4 Bb7 9. d3 d6 10. Nbd2 Nd7 11. axb5 axb5 12. Rxa8 Qxa8 13. c3 b4 14. Nf1 Nc5 15. Bd5 bxc3 16. bxc3 Qa6 17. Re3 Qa4 18. Qxa4 Nxa4 19. d4 Nb6 20. Bxc6 Bxc6 21. dxe5 Nc4 22. exd6 Bxd6 23. Re1 Re8 24. Ng3 Bxg3 25. hxg3 Rxe4 26. Rd1 Re8 27. Bf4 f6 28. Nd4 Bd7 29. Bxc7 Rc8 30. Bf4 g5 31. Bc1 Ba4 32. Re1 Re8 33. Be3 Bd7 34. Kf1 Bg4 35. Nc2 Kf7 36. Bd4 Nd2+ 37. Kg1 Rxe1+ 38. Nxe1 Bf5 39. f3 h5 40. Kf2 Nc4 41. Ke2 Nb2 42. Bc5 Ke6 43. Ke3 Kd5 44. Be7 Nc4+ 45. Ke2 Ke6 46. Bd8 Ne5 47. Bc7 Nc4 48. Nd3 Kd7 49. Bb8 Ke6 50. Ba7 Bxd3+ 51. Kxd3 Kd5 52. Bd4 f5 53. Bf6 g4 54. Bd4 Nb2+ 55. Ke3 Ke6 56. Kf4 Nd3+ 57. Kg5 Ne1 58. f4 Nd3 59. c4 Nb4 60. Kxh5 Nc6 61. Bb6 Kf6 62. Kh6 Kf7 63. Kg5 Ke6 64. Kg6 Ne7+ 65. Kg7 Nc6 66. Kf8 Nb8 67. Ke8 Nc6 68. Bc7 Nd4 69. Be5 Ne2 70. Kd8 Nxg3 71. Kc7 Nf1 72. c5 Ne3 73. c6 Nc4 74. Kb7 Na5+ 75. Kb6 Nc4+ 76. Ka6 Ke7 77. Kb5 Nxe5 78. fxe5 f4 79. c7 Kd7 80. Kb6 f3 81. e6+ Kxe6 82. c8Q+ Ke5 83. Qxg4 fxg2 84. Qxg2 Kd4 85. Qe2 Kd5 86. Qe3 Kc4 87. Kc6 Kb4 88. Qd3 Ka4 89. Kc5 Ka5 90. Qa3# 1-0

[Event "CHN-ch blitz"]
[Site "Shenyang"]
[Date "2019.12.19"]
[Round "7"]
[White "Xu, Yinglun"]
[Black "Gao, Rui"]
[Result "0-1"]
[WhiteElo "2452"]
[BlackElo "2490"]
[PlyCount "98"]
[EventDate "2019.12.18"]
[EventType "swiss (blitz)"]
[EventRounds "9"]
[EventCountry "CHN"]
[SourceTitle "CBM 193 Extra"]
[Source "ChessBase"]
[SourceDate "2020.01.31"]
[SourceVersion "1"]
[SourceVersionDate "2020.01.31"]
[SourceQuality "1"]

1. c4 e5 2. Nc3 Nf6 3. g3 Bb4 4. Bg2 0-0 5. Nf3 Re8 6. 0-0 e4 7. Nd4 Nc6 8. Nc2 Bxc3 9. dxc3 h6 10. a4 a5 11. b3 d6 12. Na3 Bg4 13. h3 Bf5 14. Nb5 Qd7 15. Kh2 Ne5 16. Bf4 Rad8 17. Qd2 c6 18. Nd4 Bh7 19. Rad1 Qe7 20. Qc1 d5 21. Bxe5 Qxe5 22. c5 Nd7 23. b4 Qe7 24. f4 exf3 25. exf3 Ne5 26. Rde1 Qf6 27. Qd2 axb4 28. cxb4 Nd3 29. Rxe8+ Rxe8 30. Nb3 Qe7 31. Rd1 Bg6 32. a5 Qe2 33. Qxe2 Rxe2 34. Nd4 Ra2 35. b5 cxb5 36. Nxb5 Rxa5 37. Nd6 Rxc5 38. Nxb7 Rc2 39. Nd6 Kf8 40. Kg1 Ke7 41. Nb5 Rb2 42. Nd4 Kd6 43. f4 Be4 44. Bf1 Nc5 45. Rc1 Ne6 46. Nb5+ Ke7 47. Re1 f5 48. Nc3 Nd4 49. Nxd5+ Kd6 0-1

[Event "CHN-ch blitz"]
[Site "Shenyang"]
[Date "2019.12.18"]
[Round "6"]
[White "Gao, Rui"]
[Black "Nie, Xinyang"]
[Result "1-0"]
[WhiteElo "2490"]
[BlackElo "2268"]
[PlyCount "127"]
[EventDate "2019.12.18"]
[EventType "swiss (blitz)"]
[EventRounds "9"]
[EventCountry "CHN"]
[SourceTitle "CBM 193 Extra"]
[Source "ChessBase"]
[SourceDate "2020.01.31"]
[SourceVersion "1"]
[SourceVersionDate "2020.01.31"]
[SourceQuality "1"]

1. e4 d5 2. exd5 Qxd5 3. Nc3 Qa5 4. d4 c6 5. Bc4 Bf5 6. Nf3 e6 7. 0-0 Nf6 8. Re1 Be7 9. h3 Nbd7 10. Bf4 Nd5 11. Nxd5 cxd5 12. Bd3 Bxd3 13. Qxd3 0-0 14. Ne5 Nf6 15. c3 Rfd8 16. a4 Rac8 17. Qb5 Qb6 18. Qxb6 axb6 19. f3 Ne8 20. Nd3 Nd6 21. Bxd6 Bxd6 22. Kf2 Rc4 23. Rec1 Ra8 24. b3 Rcc8 25. g4 Ra5 26. Ke3 Rca8 27. Rab1 b5 28. axb5 Rxb5 29. b4 Rb6 30. Nc5 Bxc5 31. bxc5 Rxb1 32. Rxb1 Kf8 33. Rxb7 Ra6 34. Kd3 Ke8 35. h4 h6 36. h5 Ra1 37. c6 Ra8 38. Rc7 Ra6 39. Kc2 Rb6 40. Kd3 g6 41. hxg6 fxg6 42. Rg7 Rxc6 43. Rxg6 Ke7 44. Rxh6 Rc8 45. f4 Rf8 46. Ke3 Rc8 47. Kd2 Rf8 48. Ke3 Rc8 49. Kd3 Rf8 50. Rh7+ Kd6 51. Ke3 Rc8 52. Kd2 Rf8 53. Ke3 Rc8 54. Kd3 Rf8 55. Rh3 Rxf4 56. Rg3 Ke7 57. Ke3 Rf1 58. g5 Kf7 59. Rf3+ Rxf3+ 60. Kxf3 Kg7 61. Kf4 Kg6 62. Ke5 Kf7 63. g6+ Kxg6 64. Kxe6 1-0

[Event "CHN-ch rapid"]
[Site "Shenyang"]
[Date "2019.12.18"]
[Round "7"]
[White "Zhao, Chenxi"]
[Black "Gao, Rui"]
[Result "1-0"]
[WhiteElo "2119"]
[BlackElo "2446"]
[PlyCount "97"]
[EventDate "2019.12.17"]
[EventType "swiss (rapid)"]
[EventRounds "9"]
[EventCountry "CHN"]
[SourceTitle "CBM 193 Extra"]
[Source "ChessBase"]
[SourceDate "2020.01.31"]
[SourceVersion "1"]
[SourceVersionDate "2020.01.31"]
[SourceQuality "1"]

1. c4 e5 2. Nc3 Nf6 3. g3 Bb4 4. Bg2 0-0 5. Nf3 Re8 6. 0-0 Nc6 7. d3 h6 8. Nd5 Bc5 9. a3 a5 10. Nxf6+ Qxf6 11. Nd2 Ba7 12. Ne4 Qd8 13. Nc3 d6 14. Be3 Bd7 15. Bxa7 Rxa7 16. Nb5 Ra8 17. Qd2 a4 18. e3 Na5 19. Rad1 Bc6 20. Nc3 Bxg2 21. Kxg2 Qd7 22. Qc2 Qc6+ 23. Kg1 Nb3 24. Nd5 b5 25. Nb4 Qc5 26. Qe2 c6 27. Qf3 Rac8 28. Qg4 d5 29. cxd5 cxd5 30. h4 Re6 31. Qf5 Rd8 32. Rfe1 Qd6 33. Re2 Rf6 34. Qg4 Rg6 35. Qf5 Rf6 36. Qg4 Rg6 37. Qh3 Qf6 38. Qg2 d4 39. e4 Rc8 40. Kh2 Qe6 41. Nd5 Qd7 42. Rf1 Rc1 43. Rxc1 Nxc1 44. Rc2 Nb3 45. Rc7 Qd6 46. Qf3 Kh7 47. h5 Rg5 48. Qxf7 Qd8 49. Re7 1-0

[Event "CHN-ch rapid"]
[Site "Shenyang"]
[Date "2019.12.17"]
[Round "2"]
[White "Gao, Rui"]
[Black "Sun, Yidi"]
[Result "1-0"]
[WhiteElo "2446"]
[BlackElo "2221"]
[PlyCount "125"]
[EventDate "2019.12.17"]
[EventType "swiss (rapid)"]
[EventRounds "9"]
[EventCountry "CHN"]
[SourceTitle "CBM 193 Extra"]
[Source "ChessBase"]
[SourceDate "2020.01.31"]
[SourceVersion "1"]
[SourceVersionDate "2020.01.31"]
[SourceQuality "1"]

1. e4 c5 2. Nf3 d6 3. Bb5+ Bd7 4. Bxd7+ Nxd7 5. 0-0 Ngf6 6. Qe2 Rc8 7. Rd1 a6 8. h3 Qc7 9. b3 g6 10. Bb2 Bg7 11. c4 0-0 12. Nc3 Rfe8 13. d4 cxd4 14. Nxd4 Qa5 15. Rac1 Nc5 16. Ba1 Ncd7 17. Nd5 Nxd5 18. exd5 Nc5 19. Bc3 Qc7 20. Qf3 Qd7 21. h4 h5 22. g3 Qh3 23. Ne2 Bxc3 24. Rxc3 Nd7 25. Nf4 Qf5 26. Qd3 Qxd3 27. Nxd3 Nc5 28. Nb4 a5 29. Nc2 a4 30. Nd4 axb3 31. axb3 Ra8 32. b4 Na4 33. Rc2 Nb6 34. Nf3 Rac8 35. c5 dxc5 36. bxc5 Red8 37. Rb1 Nxd5 38. Rxb7 Rb8 39. c6 Rdc8 40. Rc5 Nb4 41. Nd4 Na6 42. Rcb5 Kf8 43. Kg2 Ra8 44. Re5 Rc7 45. Ra5 Rcc8 46. Kf3 Rd8 47. Ke3 e6 48. f4 Re8 49. Nf3 Nc7 50. Rxa8 Nd5+ 51. Kd4 Rxa8 52. Ne5 Ne7 53. Kc5 f6 54. Nd7+ Kf7 55. Nb6 Ra1 56. Nc8 Rc1+ 57. Kb5 Rb1+ 58. Ka6 Ra1+ 59. Kb6 Rb1+ 60. Ka7 Rxb7+ 61. cxb7 Nc6+ 62. Ka8 e5 63. Na7 1-0

[Event "CHN-ch rapid"]
[Site "Shenyang"]
[Date "2019.12.17"]
[Round "4"]
[White "Gao, Rui"]
[Black "Zeng, Chongsheng"]
[Result "0-1"]
[WhiteElo "2446"]
[BlackElo "2535"]
[PlyCount "74"]
[EventDate "2019.12.17"]
[EventType "swiss (rapid)"]
[EventRounds "9"]
[EventCountry "CHN"]
[SourceTitle "CBM 193 Extra"]
[Source "ChessBase"]
[SourceDate "2020.01.31"]
[SourceVersion "1"]
[SourceVersionDate "2020.01.31"]
[SourceQuality "1"]

1. c4 e6 2. Nc3 d5 3. d4 Nf6 4. cxd5 exd5 5. Bg5 c6 6. e3 Be7 7. Bd3 0-0 8. Qc2 Nbd7 9. Nf3 Re8 10. h3 Nf8 11. Bf4 a5 12. 0-0 g6 13. Ne5 Ne6 14. Bh6 Ng7 15. g4 Nd7 16. f4 Bd6 17. Rf3 Nf8 18. Raf1 f6 19. e4 Qb6 20. Qf2 Nfe6 21. Ne2 Nxd4 22. Nxd4 Bc5 23. Kh1 Bxd4 24. Qh4 Qd8 25. Bxg7 Kxg7 26. g5 dxe4 27. Qh6+ Kg8 28. Bc4+ Be6 29. f5 Bxc4 30. fxg6 Re7 31. gxf6 exf3 32. f7+ Rxf7 33. Nxf7 Qf6 34. Qxh7+ Kf8 35. Nh6 Bxf1 36. Qg8+ Ke7 37. Qh7+ Ke6 0-1

[Event "CHN-ch rapid"]
[Site "Shenyang"]
[Date "2019.12.17"]
[Round "5"]
[White "Nie, Xinyang"]
[Black "Gao, Rui"]
[Result "0-1"]
[WhiteElo "2348"]
[BlackElo "2446"]
[PlyCount "65"]
[EventDate "2019.12.17"]
[EventType "swiss (rapid)"]
[EventRounds "9"]
[EventCountry "CHN"]
[SourceTitle "CBM 193 Extra"]
[Source "ChessBase"]
[SourceDate "2020.01.31"]
[SourceVersion "1"]
[SourceVersionDate "2020.01.31"]
[SourceQuality "1"]

1. Nf3 d5 2. d4 Nf6 3. c4 c6 4. e3 Bf5 5. Nc3 a6 6. cxd5 cxd5 7. Ne5 Nc6 8. Be2 h6 9. g4 Bh7 10. Qb3 Ra7 11. h4 e6 12. g5 Nxe5 13. dxe5 Nd7 14. f4 Nc5 15. Qd1 hxg5 16. Qd4 gxf4 17. b4 f3 18. Bxf3 Nd3+ 19. Ke2 b6 20. Ba3 Rc7 21. e4 Nf4+ 22. Kf2 Rc4 23. Qe3 dxe4 24. Nxe4 Rc2+ 25. Kg3 Nd5 26. Qd4 Be7 27. Bc1 Qc7 28. Bf4 Bxe4 29. Qxe4 f5 30. exf6 Nxf4 31. f7+ Kf8 32. Kg4 Nd5 33. Qxe6 0-1

[Event "PRO League Stage"]
[Site "Chess.com INT"]
[Date "2019.02.14"]
[Round "6"]
[White "Brattain, Mika A"]
[Black "Gao, Rui"]
[Result "1-0"]
[WhiteElo "2411"]
[BlackElo "2543"]
[PlyCount "71"]
[EventDate "2019.01.08"]
[EventType "team-swiss (rapid)"]
[EventRounds "10"]
[EventCountry "USA"]
[SourceTitle "CBM 189 Extra"]
[Source "ChessBase"]
[SourceDate "2019.06.03"]
[SourceVersion "1"]
[SourceVersionDate "2019.06.03"]
[SourceQuality "1"]
[WhiteTeam "Pittsburgh Pawngrabbers"]
[BlackTeam "Miami Champions"]
[WhiteTeamCountry "USA"]
[BlackTeamCountry "USA"]

1. Nf3 d5 2. d4 Nf6 3. c4 c6 4. Nc3 e6 5. Bg5 dxc4 6. e4 b5 7. e5 h6 8. Bh4 g5 9. Nxg5 hxg5 10. Bxg5 Nbd7 11. g3 Bb7 12. Bg2 Qb6 13. exf6 c5 14. d5 0-0-0 15. 0-0 b4 16. Re1 Nb8 17. Qg4 bxc3 18. dxe6 Bxg2 19. e7+ Nd7 20. e8Q Bc6 21. Qxf7 cxb2 22. Rab1 c3 23. Qb3 Qxb3 24. axb3 Bh6 25. h4 Bxg5 26. Qxg5 Rhe8 27. Qf5 Be4 28. Rxe4 c2 29. Rxe8 c1Q+ 30. Re1 Qc3 31. f7 Kc7 32. Re7 Qd4 33. f8Q Rxf8 34. Qxf8 Qd3 35. Rxd7+ Kxd7 36. Qg7+ 1-0

[Event "CHN-ch blitz"]
[Site "Tianjin"]
[Date "2018.06.08"]
[Round "6"]
[White "Gao, Rui"]
[Black "Wan, Yunguo"]
[Result "1-0"]
[WhiteElo "2561"]
[BlackElo "2499"]
[PlyCount "149"]
[EventDate "2018.06.07"]
[EventType "swiss (blitz)"]
[EventRounds "9"]
[EventCountry "CHN"]
[SourceTitle "CBM 184 Extra"]
[Source "ChessBase"]
[SourceDate "2018.06.28"]
[SourceVersion "1"]
[SourceVersionDate "2018.06.28"]
[SourceQuality "1"]

1. e4 e6 2. d4 d5 3. Nd2 c5 4. Ngf3 Nf6 5. exd5 Nxd5 6. dxc5 Bxc5 7. Ne4 Be7 8. c3 0-0 9. Bd3 b6 10. 0-0 Bb7 11. Qe2 Nd7 12. Bd2 Qc7 13. Rad1 Nf4 14. Bxf4 Qxf4 15. Bc2 Rad8 16. Rd4 Qc7 17. Rfd1 Nf6 18. h3 Rxd4 19. Rxd4 Rd8 20. Rxd8+ Qxd8 21. Nxf6+ Bxf6 22. Be4 Bc8 23. Qc4 g6 24. g3 Kg7 25. Kg2 Bd7 26. h4 h6 27. a3 Be8 28. Qb4 Qc7 29. Qb3 Qd6 30. Qc4 Bd7 31. Qa6 Qc7 32. Qd3 a5 33. Nd2 Ba4 34. Bf3 Qe5 35. Nc4 Qc5 36. Nd2 Bb5 37. Qc2 Be7 38. Ne4 Qc4 39. Qd1 f5 40. Nd2 Qd3 41. Qe1 Kf6 42. Nb3 e5 43. Nc1 Qc2 44. b4 a4 45. Be2 Bc6+ 46. Kg1 Be4 47. Bf1 b5 48. Bxb5 Bd8 49. Bf1 Bb6 50. Ne2 Qd3 51. c4 Qxa3 52. c5 Bc7 53. Qd2 Qd3 54. Qa2 Qb3 55. Qd2 Qd5 56. Qc1 Bf3 57. Nc3 Qd4 58. Nb5 Qd7 59. Nxc7 Qxc7 60. b5 Bb7 61. c6 Bc8 62. Qc5 Qe7 63. Qxe7+ Kxe7 64. b6 Kd6 65. b7 Bxb7 66. cxb7 Kc7 67. Bc4 Kxb7 68. Kf1 Kb6 69. Ke2 Kc5 70. Bf7 g5 71. hxg5 hxg5 72. Kd3 Kb4 73. Be6 a3 74. Kc2 e4 75. Bxf5 1-0

[Event "CHN-ch blitz"]
[Site "Tianjin"]
[Date "2018.06.08"]
[Round "5"]
[White "Zhao, Jun"]
[Black "Gao, Rui"]
[Result "0-1"]
[WhiteElo "2611"]
[BlackElo "2561"]
[PlyCount "58"]
[EventDate "2018.06.07"]
[EventType "swiss (blitz)"]
[EventRounds "9"]
[EventCountry "CHN"]
[SourceTitle "CBM 184 Extra"]
[Source "ChessBase"]
[SourceDate "2018.06.28"]
[SourceVersion "1"]
[SourceVersionDate "2018.06.28"]
[SourceQuality "1"]

1. d4 d5 2. c4 c6 3. Nf3 Nf6 4. Nc3 e6 5. Bg5 dxc4 6. e4 b5 7. e5 h6 8. Bh4 g5 9. Nxg5 hxg5 10. Bxg5 Nbd7 11. g3 Bb7 12. Bg2 Qb6 13. exf6 c5 14. d5 0-0-0 15. 0-0 b4 16. Na4 Qb5 17. a3 Nb8 18. axb4 cxb4 19. Qd4 Nc6 20. Qg4 Rxd5 21. h4 Ne5 22. Qe2 Rd3 23. Be3 Bxg2 24. Kxg2 Qd5+ 25. Kh3 Nf3 26. Rfc1 Rxh4+ 27. gxh4 Qf5+ 28. Kg3 Bd6+ 29. Kg2 Qg4+ 0-1

[Event "CHN-ch blitz"]
[Site "Shenzhen"]
[Date "2017.12.09"]
[Round "7"]
[White "Gao, Rui"]
[Black "Xu, Yinglun"]
[Result "1/2-1/2"]
[WhiteElo "2546"]
[BlackElo "2539"]
[PlyCount "122"]
[EventDate "2017.12.08"]
[EventType "swiss (blitz)"]
[EventRounds "9"]
[EventCountry "CHN"]
[SourceTitle "CBM 182 Extra"]
[Source "ChessBase"]
[SourceDate "2018.02.23"]
[SourceVersion "1"]
[SourceVersionDate "2018.02.23"]
[SourceQuality "1"]

1. e4 c5 2. Nc3 d6 3. f4 e6 4. Nf3 Nf6 5. Bb5+ Bd7 6. Bxd7+ Qxd7 7. d4 cxd4 8. Nxd4 Nc6 9. Be3 Be7 10. Qf3 a6 11. 0-0-0 Qc7 12. f5 e5 13. Nde2 b5 14. g4 b4 15. Nd5 Nxd5 16. Rxd5 h6 17. Kb1 Rc8 18. Rd2 Na5 19. b3 Bg5 20. h4 Bxe3 21. Qxe3 Qc5 22. Qxc5 dxc5 23. Rhd1 0-0 24. Rd5 f6 25. Kb2 Rc7 26. g5 hxg5 27. hxg5 fxg5 28. Rxe5 Rfc8 29. Red5 Nb7 30. e5 c4 31. Nd4 Nc5 32. e6 Ne4 33. bxc4 Rxc4 34. e7 Kf7 35. Re1 Nf6 36. Rd8 Ne8 37. Nf3 Kf6 38. Rxc8 Rxc8 39. Nd4 Rc7 40. Re6+ Kf7 41. Nc6 Nf6 42. Ne5+ Ke8 43. Rxa6 g4 44. Nxg4 Nxg4 45. Rg6 Ne5 46. Rxg7 Rxe7 47. Rxe7+ Kxe7 48. Kb3 Nc6 49. Kc4 Kd6 50. f6 Ke6 51. Kc5 Nd8 52. Kxb4 Kxf6 53. Kc5 Ke6 54. a4 Kd7 55. Kb6 Kc8 56. a5 Kb8 57. a6 Ne6 58. c3 Nf8 59. c4 Nd7+ 60. Kb5 Ka7 61. c5 Nxc5 1/2-1/2

[Event "CHN-ch blitz"]
[Site "Shenzhen"]
[Date "2017.12.09"]
[Round "8"]
[White "Liu, Guanchu"]
[Black "Gao, Rui"]
[Result "1-0"]
[WhiteElo "2462"]
[BlackElo "2546"]
[PlyCount "81"]
[EventDate "2017.12.08"]
[EventType "swiss (blitz)"]
[EventRounds "9"]
[EventCountry "CHN"]
[SourceTitle "CBM 182 Extra"]
[Source "ChessBase"]
[SourceDate "2018.02.23"]
[SourceVersion "1"]
[SourceVersionDate "2018.02.23"]
[SourceQuality "1"]

1. f4 c5 2. Nf3 Nc6 3. e4 d6 4. Bb5 Bd7 5. 0-0 g6 6. Bxc6 Bxc6 7. d3 Bg7 8. Nc3 Nf6 9. Qe1 b5 10. e5 Nd5 11. Ne4 0-0 12. a3 Qd7 13. Qh4 f5 14. exf6 Nxf6 15. Nfg5 h6 16. Nxf6+ exf6 17. Nf3 f5 18. c3 Rae8 19. Bd2 Re2 20. Qg3 Kh7 21. Rf2 Rfe8 22. Nh4 Qf7 23. Raf1 b4 24. axb4 cxb4 25. Rxe2 Rxe2 26. Rf2 Re6 27. h3 a5 28. Nf3 a4 29. Qh4 Kg8 30. Qd8+ Kh7 31. Qh4 Kg8 32. Qd8+ Qe8 33. Qa5 b3 34. Nd4 Bxd4 35. cxd4 Kh7 36. d5 Re2 37. dxc6 Rxd2 38. Rxd2 Qxc6 39. Re2 Qc1+ 40. Re1 Qxb2 41. Re7+ 1-0

[Event "CHN-ch rapid"]
[Site "Shenzhen"]
[Date "2017.12.08"]
[Round "8"]
[White "Fang, Yuxiang"]
[Black "Gao, Rui"]
[Result "1/2-1/2"]
[WhiteElo "2497"]
[BlackElo "2546"]
[PlyCount "100"]
[EventDate "2017.12.07"]
[EventType "swiss (rapid)"]
[EventRounds "9"]
[EventCountry "CHN"]
[SourceTitle "CBM 182 Extra"]
[Source "ChessBase"]
[SourceDate "2018.02.23"]
[SourceVersion "1"]
[SourceVersionDate "2018.02.23"]
[SourceQuality "1"]

1. Nf3 Nf6 2. c4 g6 3. Nc3 Bg7 4. e4 c5 5. Be2 Nc6 6. d3 d6 7. Be3 Bg4 8. 0-0 Bxf3 9. Bxf3 0-0 10. Rb1 Nd7 11. g3 a6 12. Bg2 Rb8 13. a4 Nd4 14. Ne2 Nxe2+ 15. Qxe2 Qa5 16. Qc2 b5 17. axb5 axb5 18. Bd2 Qa2 19. Bh3 e6 20. Bf4 Qa6 21. b4 Be5 22. Bd2 Bd4 23. bxc5 Nxc5 24. Rfc1 bxc4 25. Rxb8 Rxb8 26. Qxc4 Qxc4 27. Rxc4 Rb1+ 28. Bf1 e5 29. Rb4 Ra1 30. Kg2 Ra2 31. Be1 Kg7 32. Rb1 f5 33. exf5 gxf5 34. Rd1 Kf6 35. Bd2 Nb3 36. Be1 Rb2 37. Kg1 h5 38. h4 Bc5 39. Bg2 Bd4 40. Bd5 Nc5 41. Kf1 f4 42. gxf4 exf4 43. Bf3 Kg6 44. Rd2 Rb1 45. Rd1 Rb2 46. Rd2 Rb1 47. Rd1 Rb3 48. Be2 Bf6 49. d4 Nd7 50. f3 Nb6 1/2-1/2

[Event "CHN-ch rapid"]
[Site "Shenzhen"]
[Date "2017.12.07"]
[Round "6"]
[White "Zhou, Jianchao"]
[Black "Gao, Rui"]
[Result "1-0"]
[WhiteElo "2597"]
[BlackElo "2546"]
[PlyCount "141"]
[EventDate "2017.12.07"]
[EventType "swiss (rapid)"]
[EventRounds "9"]
[EventCountry "CHN"]
[SourceTitle "CBM 182 Extra"]
[Source "ChessBase"]
[SourceDate "2018.02.23"]
[SourceVersion "1"]
[SourceVersionDate "2018.02.23"]
[SourceQuality "1"]

1. c4 e5 2. d3 Nf6 3. Nf3 Nc6 4. a3 a5 5. e3 d5 6. cxd5 Nxd5 7. b3 Be6 8. Bb2 f6 9. Be2 Be7 10. 0-0 0-0 11. Qc2 Qd7 12. Nbd2 Rfd8 13. Rfd1 Kh8 14. d4 exd4 15. Nxd4 Nxd4 16. Bxd4 c5 17. Bb2 Qe8 18. Ne4 b6 19. Rd2 Nc7 20. Rad1 Rxd2 21. Rxd2 Rd8 22. Rxd8 Qxd8 23. a4 Nd5 24. Nd2 Nb4 25. Qd1 Bf5 26. Bc3 Nd5 27. Qc1 Nxc3 28. Qxc3 Bd6 29. Nc4 Bc7 30. Qd2 Qxd2 31. Nxd2 Kg8 32. f4 g5 33. g3 Kf7 34. Kf2 h6 35. e4 Bc8 36. Ke3 gxf4+ 37. gxf4 Bh3 38. Bh5+ Ke7 39. Kf3 Be6 40. Bg4 Bf7 41. Ke3 Bd6 42. Be2 Bc7 43. Bc4 Bh5 44. h3 Bd6 45. Nf1 Be8 46. Kf3 Bd7 47. h4 Bc7 48. Ne3 Bd8 49. e5 fxe5 50. fxe5 Kf8 51. h5 Be8 52. Kg4 Bg5 53. Nf5 Bc6 54. Nd6 Be3 55. Kf5 Bf3 56. Kg6 Bg4 57. Nf7 Bf4 58. Nxh6 Bd7 59. e6 Be8+ 60. Nf7 Bxf7+ 61. exf7 Be5 62. Kf5 Bc3 63. Ke6 Bd4 64. Kd7 Bf6 65. Kc7 Bc3 66. Kxb6 Bb4 67. h6 Ke7 68. h7 Bc3 69. Kxc5 Kf8 70. Kb5 Kg7 71. h8Q+ 1-0